| 000 | 00680nam a22002057a 4500 | ||
|---|---|---|---|
| 003 | OSt | ||
| 005 | 20251103022544.0 | ||
| 008 | 251103b |||||||| |||| 00| 0 eng d | ||
| 020 | _a13:978-0-07-312892-4. | ||
| 040 |
_aDWCL-Main lib _cOC |
||
| 082 |
_27th ed. _aCirc. 658.3 K92o 2007 |
||
| 100 | _aRobert Kreitner | ||
| 245 |
_aOrganizational Behavior _cRobert Kreitner |
||
| 260 |
_aBoston : _bMcGraw-Hill/Irwin, _cc2007. |
||
| 300 |
_axxxiv, (various paging) : _billustration (some colored) ; _c26 cm. |
||
| 504 | _aIncludes bibliographical references and index. | ||
| 650 | _21. Organizational Behavior | ||
| 700 | _aKinicki, Angelo | ||
| 942 |
_2ddc _cBK-CIRC _e7th ed. _kCirc. _n0 |
||
| 999 |
_c5380 _d5380 |
||